00547nam a2200169Ia 4500008004100000020001400041040001900055041001200074082002700086100002800113245006400141260004600205300002400251504005700275650002500332850002000357131103s9999 xx 000 0 und d a674523857 aLoreto College aEnglish a223.1/BESbLCLIB/28654 aBesserman, Lawrence L.  4aThe Legend of Job in the middle agescLawrence L. Besserman aCambridgebHarvard University Pressc1979 axii,177p. c 22c.m. aIncludes bibliographical references, notes and index aReligion - christian aLCLIB/223.1/BES